Normal view
MARC view
- Smith, Nathan L.
Entry Personal Name
001 - CONTROL NUMBER
- control field: 21570
003 - CONTROL NUMBER IDENTIFIER
- control field: NUST
005 - DATE AND TIME OF LATEST TRANSACTION
- control field: 20190926122457.0
008 - FIXED-LENGTH DATA ELEMENTS
- fixed length control field: 190926|| aca||aabn | a|a d
040 ## - CATALOGING SOURCE
- Original cataloging agency: NUST
- Transcribing agency: NUST
100 ## - HEADING--PERSONAL NAME
- Personal name: Smith, Nathan L.
670 ## - SOURCE DATA FOUND
- Source citation: Work cat.: (NUST)0: Smith, Nathan L., Material certification and material-certification effectiveness /, [1983]
